000 00450nam a22001217a 4500
999 _c10332
_d10332
003 OSt
008 201203b ||||| |||| 00| 0 eng d
245 _aThe IUP Journal of Electrical and Electronics Engineering
250 _a2011(Jul Vol.4 No.3) 2012(Jan Vol.5 No.1, Apr Vol.5 No.2, Jul Vol.5 No.3) 2013(Apr Vol.6 No.2, Jul Vol.6 No.3)
260 _aHyderabad
_bIUP Publications
650 _aElectronic and Communication Engineering
942 _2ddc
_cBV